000 00524nam a2200169 i 4500
001 107343
003 ES-MaACL
005 20230906184407.0
007 t|
008 061121s1933 it |||| | ita d
100 1 _aMorpurgo, Giuseppe.
_983654
245 1 3 _aLe piu belle novelle italiane dai sette savi al Pirandello /
_ca cura di Guiseppe Morpurgo.
260 _aVerona :
_bMondadori,
_c1933.
300 _a409 p. ;
_c20 cm.
650 4 _aLiteratura italiana-
_xHistoria y crítica.
_914631
852 _aES-MaACL
_jA-2008
999 _c107343
_d107343